Recipes from the Night Kitchen : (Record no. 603316)

MARC details
000 -LEADER
fixed length control field 00447nam a2200181 a 4500
008 - FIXED-LENGTH DATA ELEMENTS--GENERAL INFORMATION
fixed length control field 251219s1990##################000#0#eng##
020 ## - INTERNATIONAL STANDARD BOOK NUMBER
ISBN 9780671688011
082 04 - DEWEY DECIMAL CLASSIFICATION NUMBER
Classification number 641.813
Item number NIR
100 1# - MAIN ENTRY--AUTHOR NAME
Personal name Nirenberg, Sally,
245 10 - TITLE STATEMENT
Title Recipes from the Night Kitchen :
260 ## - PUBLICATION, DISTRIBUTION, ETC. (IMPRINT)
Name of publisher Atria Books,
Year of publication 1990.
650 #0 - SUBJECT ADDED ENTRY--TOPICAL TERM
Topical Term Cooking.
942 ## - ADDED ENTRY ELEMENTS (KOHA)
Koha item type English Books
Holdings
Withdrawn status Lost status Damaged status Not for loan Home library Current library Shelving location Date acquired Full call number Accession Number Price effective from Koha item type
        Anna Centenary Library Anna Centenary Library 6TH FLOOR, A WING 19.12.2025 641.813 NIR 455952 19.12.2025 English Books

Find us on the map